Quick Pick: Greek Numerical Prefixes Quiz Stats

 Plays Quiz Updated Dec 22, 2017

Score 0/18 Timer 01:30
1 Play Today
% Correct
tri-
88.3%
octa-
86.9%
deca-
86.5%
di-
85.2%
mono-
83.5%
penta-
80.6%
hexa-
79.1%
hepta-
76.8%
triskaideka-
75.4%
% Correct
hemi-
74.8%
dodeca-
70.6%
poly-
67.9%
tetra-
64.7%
ennea-
43.4%
hendeca-
34.1%
hecato-
33.4%
myria-
28.1%
icosa-
23.4%

Today's Daily Dose

Missing Word
Wicked Songs

Word Ladder
Blue Ivies

Get the Picture
Green on the Flag?

You're not logged in!

Compare scores with friends on all Sporcle quizzes.
OR
Log In

You Might Also Like...

Show Comments

Extras

Top Quizzes Today


Score Distribution

Your Account Isn't Verified!

In order to create a playlist on Sporcle, you need to verify the email address you used during registration. Go to your Sporcle Settings to finish the process.

Report this User

Report this user for behavior that violates our Community Guidelines.

Details: